О времени задержки импульсного пробоя жидкого гелия; Письма в Журнал технической физики; Т. 7, вып. 1-6

書誌詳細
Parent link:Письма в Журнал технической физики/ Академия наук СССР (АН СССР).— , 1975-.— 0320-0116
Т. 7, вып. 1-6.— 1981.— С. 187-190
第一著者: Барабошкин В. В.
その他の著者: Диденко А. Н. Андрей Николаевич, Юшков Ю. Г. Юрий Георгиевич
言語:ロシア語
出版事項: 1981
主題:
フォーマット: 図書の章
KOHA link:https://koha.lib.tpu.ru/cgi-bin/koha/opac-detail.pl?biblionumber=441633

MARC

LEADER 00000naa2a2200000 4500
001 441633
005 20231101081503.0
035 |a (RuTPU)RU\TPU\prd\103180 
035 |a RU\TPU\prd\102010 
090 |a 441633 
100 |a 20110321a1981 k y0rusy50 ca 
101 0 |a rus 
102 |a RU 
200 1 |a О времени задержки импульсного пробоя жидкого гелия  |f В. В. Барабошкин, А. Н. Диденко, Ю. Г. Юшков 
320 |a Библиогр.: 8 назв. 
461 0 |0 (RuTPU)RU\TPU\prd\486  |x 0320-0116  |t Письма в Журнал технической физики  |f Академия наук СССР (АН СССР)  |d 1975- 
463 0 |0 (RuTPU)RU\TPU\prd\101994  |t Т. 7, вып. 1-6  |v С. 187-190  |d 1981 
610 1 |a труды учёных ТПУ 
700 1 |a Барабошкин  |b В. В. 
701 1 |a Диденко  |b А. Н.  |c российский ученый, физик  |c профессор, зав. кафедрой физико-энергетических установок Томского политехнического университета  |f 1932-  |g Андрей Николаевич  |2 stltpush  |3 (RuTPU)RU\TPU\pers\19779 
701 1 |a Юшков  |b Ю. Г.  |c российский ученый в области электрофизики  |c профессор Томского политехнического университета  |f 1937-  |g Юрий Георгиевич  |2 stltpush  |3 (RuTPU)RU\TPU\pers\22023 
801 1 |a RU  |b 63413507  |c 20060825  |g PSBO 
801 2 |a RU  |b 63413507  |c 20111208  |g RCR 
942 |c BK